HTML5 Geolocation (Record no. 328119)

MARC details
000 -LEADER
fixed length control field 00453nam a2200169Ia 4500
008 - FIXED-LENGTH DATA ELEMENTS--GENERAL INFORMATION
fixed length control field 230718s9999 xx 000 0 und d
020 ## - INTERNATIONAL STANDARD BOOK NUMBER
International Standard Book Number 978935023417
041 ## - LANGUAGE CODE
Language code of text/sound track or separate title eng
082 ## - DEWEY DECIMAL CLASSIFICATION NUMBER
Classification number 005.678
Item number HOL
100 ## - MAIN ENTRY--PERSONAL NAME
Personal name Holdener A.T. III
9 (RLIN) 192176
245 ## - TITLE STATEMENT
Title HTML5 Geolocation
260 ## - PUBLICATION, DISTRIBUTION, ETC. (IMPRINT)
Date of publication, distribution, etc. 2011
Name of publisher, distributor, etc. O'reilly/SPD
300 ## - PHYSICAL DESCRIPTION
Extent 95
365 ## - TRADE PRICE
Currency code Rs.
Price amount 175.00
700 ## - ADDED ENTRY--PERSONAL NAME
Personal name Holdener A.T. III
9 (RLIN) 192176
906 ## - LOCAL DATA ELEMENT F, LDF (RLIN)
d O:0188622-Jul-2011B:823717-Jun-2011
c COMP
b 43.75
Holdings
Withdrawn status Lost status Damaged status Not for loan Home library Current library Date acquired Vendor Budget Code Cost, normal purchase price Bill number Total Checkouts Full call number Barcode Date last seen Discount Cost, replacement price Bill Date Koha item type Original Barcode
        Cummins College of Engineering for Women Pune Cummins College of Engineering for Women Pune 22/07/2011 Technical Book Services COMP 131.25 8237   005.678 CCEP-BK-39326 18/07/2023 43.75 175.00 17/06/2011 Books 039326